Almost Useless Trivia VII Quiz Stats

 Plays Quiz Updated Jun 22, 2016

Score 0/30 Timer 03:00
37 Plays Today
Trivia Question Answer % Correct
What type of animal is Bambi?Deer
96.8%
Which country features a maple leaf on its flag?Canada
96.1%
Name a US state beginning with K. Kansas
91%
What game features the terms love, deuce, match and volley?Tennis
88.4%
Who wrote the 'Harry Potter' series?JK Rowling
87.4%
What is the standard unit of distance in the metric system?meter
74.7%
In a standard pack of cards, which king is the only one to not have a moustache?King of Hearts
64.9%
What is the name of the 'tool' needed to play snooker or billiards to hit the ball?cue
64.1%
What chemical element is diamond made of?carbon
63.5%
Who is Winnie the Pooh's gloomy donkey friend?Eeyore
62%
What is the currency of India and Pakistan as well as a few other Asian countries?rupee
60.9%
What superhero has been played by Michael Keaton, Val Kilmer, George Clooney and Christian Bale?Batman
59.6%
What part of the body produces insulin?pancreas
57.3%
Which month is Black History Month in USA?February
55.2%
Which planet did Superman come from?Krypton
53.9%
Trivia Question Answer % Correct
In what country were the 2014 Winter Olympics held in the town of Sochi?Russia
51.8%
Who was the Greek or Roman God of War?Ares, Mars
47.7%
In 'Shrek', what comedic actor voices Donkey?Eddie Murphy
47.2%
What is the official language of Brazil?Portuguese
45%
What band featured Sting, Stewart Copeland and Andy Summers?The Police
39.7%
What is the religion of the Dalai Lama?Tibetan Buddhism
38.9%
Who did Matthew Perry play in 'Friends'?Chandler
38.7%
What is the capital of Turkey?Ankara
33.2%
What is the name of the poker hand containing three of a kind and a pair?Full House
33%
How many syllables make up a haiku?17
30.8%
What country has had prime ministers named Eden, Major, Peel, Law, Brown and Heath?United Kingdom
30.2%
What Shakespeare play features a brooding Danish prince and his girlfriend Ophelia?Hamlet
29.6%
Who voiced the Genie in Disney's 'Aladdin'?Robin Williams
29.3%
Which TV Show featured older women named Blanche, Rose, Dorothy and Sophia?The Golden Girls
27.5%
Who wrote 'The Scarlet Letter'?Nathaniel Hawthorne
18.9%

You're not logged in!

Compare scores with friends on all Sporcle quizzes.
OR
Log In

Show Comments

Extras

Top Quizzes Today


Score Distribution

Your Account Isn't Verified!

In order to create a playlist on Sporcle, you need to verify the email address you used during registration. Go to your Sporcle Settings to finish the process.

Report this User

Report this user for behavior that violates our Community Guidelines.

Details: